[Standard grading rules for lumber.

Bibliographic Details
Corporate Author: American Lumber Standards Committee
Format: Serial
Language:English
Published: V.p.] [publisher not identified] ;
Subjects:

MARC

Tag First Indicator Second Indicator Subfields
LEADER 00000cas a2200000 4500
001 in00000045412
005 20151007073050.0
008 800609c19uu9999vp uu 0uuua0eng d
035 |a (OCoLC)06398456 
035 |9 AAE9061AM 
040 |a TXA  |c TXA  |d UtOrBLW 
049 |a TXAE 
090 |a TS825  |b .S76 
245 0 0 |a [Standard grading rules for lumber. 
264 1 |a V.p.]  |b [publisher not identified] ; 
300 |a  volumes :  |b illustrations 
336 |a text  |b txt  |2 rdacontent 
337 |a unmediated  |b n  |2 rdamedia 
338 |a volume  |b nc  |2 rdacarrier 
550 |a Approved by the Board of Review of the American Lumber Standards Committee. 
650 0 |a Lumber  |x Grading. 
650 0 |a Lumber  |x Standards. 
710 2 |a American Lumber Standards Committee. 
999 |a MARS 
999 f f |s 84ad9a91-f4de-351f-88a1-f0f91b7de429  |i ed28ea59-621b-37dc-9d08-3780fc69d739  |t 0 
952 f f |p normal  |a Texas A&M University  |b College Station  |c Sterling C. Evans Library  |d Evans: Library Stacks  |t 0  |e TS825 .S76  |h Library of Congress classification  |i unmediated -- volume  |k 3rd ed.  |l 1974  |m A14820759472 
998 f f |a TS825 .S76  |s 1956,1958,1960,1970-1971  |t 0  |l Evans: Library Stacks